Catálogo
 En Linea

Superar el estrés : (Registro nro. 23012)

Detalles MARC
000 -CABECERA
campo de control de longitud fija 01201nam a2200313 a 4500
001 - NÚMERO DE CONTROL
campo de control 000023516
005 - FECHA Y HORA DE LA ÚLTIMA TRANSACCIÓN
campo de control 20200930022256.0
008 - DATOS DE LONGITUD FIJA--INFORMACIÓN GENERAL
campo de control de longitud fija 101210s1988 sp ab r 000 | spa d
020 ## - NÚMERO INTERNACIONAL ESTÁNDAR DEL LIBRO
Número Internacional Estándar del Libro 848535186x
040 ## - FUENTE DE LA CATALOGACIÓN
Centro catalogador/agencia de origen DO-SdBNP
Lengua de catalogación spa
Centro/agencia transcriptor BNPHU
041 ## - CÓDIGO DE LENGUA
Código de lengua del texto/banda sonora o título independiente eng
Código de lengua original spa
Fuente del código Código de idioma MARC
082 ## - NÚMERO DE LA CLASIFICACIÓN DECIMAL DEWEY
Número de clasificación 155.9042
Número de documento/Ítem K61s
049 ## - FONDOS LOCALES (OCLC)
Fondos de biblioteca BNGR
100 1# - ENTRADA PRINCIPAL--NOMBRE DE PERSONA
Nombre de persona Kirsta, Alix
9 (RLIN) 48465
240 10 - TÍTULO UNIFORME
Título uniforme The book of stress survival
Lenguaje de la obra español
245 10 - MENCIÓN DE TÍTULO
Título Superar el estrés :
Resto del título cómo relajarse y vivir positivamente /
Mención de responsabilidad, etc. Alix Kirsta; edicción de Phil Wilkinson; ilustración de Eugene Fleury, Andrew MacDonald, Joe Robinson; traducción de Graciela de Luis.
260 ## - PUBLICACIÓN, DISTRIBUCIÓN, ETC.
Lugar de publicación, distribución, etc. Barcelona :
Nombre del editor, distribuidor, etc. Integral,
Fecha de publicación, distribución, etc. 1988.
300 ## - DESCRIPCIÓN FÍSICA
Extensión 192 p. :
Otras características físicas il., retrs ;
Dimensiones 24 cm.
490 1# - MENCIÓN DE SERIE
Mención de serie Los libros de Integral,
Designación de volumen o secuencia 13
534 ## - NOTA SOBRE LA VERSIÓN ORIGINAL
Encabezamiento principal del original Título original :
Mención de título del original The book of stress survival
650 #4 - PUNTO DE ACCESO ADICIONAL DE MATERIA--TÉRMINO DE MATERIA
Término de materia o nombre geográfico como elemento de entrada Estrés (psicología)
9 (RLIN) 464
650 #4 - PUNTO DE ACCESO ADICIONAL DE MATERIA--TÉRMINO DE MATERIA
Término de materia o nombre geográfico como elemento de entrada Estrés (psicología)
Subdivisión general Terapia
9 (RLIN) 48466
700 1# - PUNTO DE ACCESO ADICIONAL--NOMBRE DE PERSONA
Nombre de persona Wilkinson, Phil
Término indicativo de función/relación ed.
9 (RLIN) 48467
700 1# - PUNTO DE ACCESO ADICIONAL--NOMBRE DE PERSONA
Nombre de persona Luis, Graciela de
Término indicativo de función/relación tr.
9 (RLIN) 48468
700 1# - PUNTO DE ACCESO ADICIONAL--NOMBRE DE PERSONA
Nombre de persona Fleury, Eugene
Término indicativo de función/relación il.
9 (RLIN) 48469
710 2# - PUNTO DE ACCESO ADICIONAL--NOMBRE DE ENTIDAD CORPORATIVA
Nombre de entidad corporativa o nombre de jurisdicción como elemento de entrada MacDonald, Andrew
Término indicativo de función/relación il.
9 (RLIN) 48470
711 2# - PUNTO DE ACCESO ADICIONAL--NOMBRE DE REUNIÓN/CONGRESO
Nombre de congreso/reunión o jurisdicción como elemento de entrada Robinson, Joe
Unidad subordinada il.
9 (RLIN) 48471
830 #0 - PUNTO DE ACCESO ADICIONAL DE SERIE-TÍTULO UNIFORME
Título uniforme Los libros de Integral,
Designación de volumen o secuencia 13
9 (RLIN) 48472
Existencias
Estado de retiro Estado de pérdida Restricciones de uso No para préstamo Código de colección Localización permanente Ubicación/localización actual Ubicación en estantería Fecha de adquisición Número de inventario Total de préstamos Signatura topográfica completa Código de barras Fecha visto por última vez Precio válido a partir de Tipo de ítem Koha
      Excluido de préstamo Monografías: Libros y Folletos General General En catalogación 10.12.2010 LF1   155.9042 K61s 23516-10 25.06.2020 25.06.2020 No se presta

Con tecnología Koha